00522 2200193 4500001002100000005001500021035002000036007000300056008004100059020002200100082001200122084001800134100001600152245004900168250000600217260004700223300003400270650002400304INLIS00000000000199820260204082608 a0010-0226000008ta260204 1 ind  a978-606-700-852-4 a297.246 a297.246 EKO k0 aEko Koswara1 aKisah Nabi Idris Alaihissalam /cEko Koswara a- aSidoarjo :bPT GLOBAL OFFSET SEJAHTERA,c- a32 hlm :bilus. ;c20 x 25 cm aKisah Nabi Idris AS